Najważniejsi władcy w historii. - Statystyki

Ogólne statystyki
  • Ten quiz został rozwiązany 303 razy
  • Średni wynik to 8 z 14
Statystyki odpowiedzi
0osiągnięcie nazwa % Poprawnych
3.Obecnie buduje Wielką Rosję. Władimir Putin
83%
2.Przeprowadził udaną rewolucje w Chinach. Mao Zedong
77%
10.W grudniu 1981 roku ogłosił w Polsce stan wojenny. Wojciech Jaruzelski
73%
11.W jego państwie zginęło przynajmniej 27 000 000 mieszkańców podczas 2 wojnie światowej. Józef Stalin
69%
6.Ostatni władca Związku Radzieckiego Michaił Gorbaczow
63%
13.Pisarz jak i dyktator Rzymski. Juliusz Cezar
62%
14.Pierwszy prezydent USA. George Washington
60%
7.Był założycielem dynastii Kimów. Kim Ir Sen
60%
12.W czasie kiedy był jedną z głów państwa toczyła się bitwa warszawska. Józef Piłsudski
56%
9.Zadecydował o spuszczeniu bomb na Hiroszimę i Nagasaki. Harry Truman
44%
5.Jego Belgia w Kongu zabiła około 10 milionów ludzi. Leopold II
38%
1.Przyczynił się do upadku Związku Radzieckiego. Ronald Reagan
34%
8.Zginął w zamachu w Sarajewie. Franciszek Ferdynand Habsburg
26%
4.Pierwszy prezydent Turcji. Mustafa Ataturk
18%
Nie znaleziono quizów pasujących do podanych kryteriów
Rozkład punktacji
Procent ludzi z każdym wynikiem
Percentyl według liczby udzielonych odpowiedzi
Twoja historia wyników
Nie rozwiązałeś tego quizu